Normal view
MARC view
Entry Personal Name
001 - CONTROL NUMBER
- control field: 260574
003 - CONTROL NUMBER IDENTIFIER
- control field: OSt
005 - DATE AND TIME OF LATEST TRANSACTION
- control field: 20260407164301.0
008 - FIXED-LENGTH DATA ELEMENTS
- fixed length control field: 260407|| aca||aabn | a|a d
040 ## - CATALOGING SOURCE
- Original cataloging agency: OSt
- Transcribing agency: OSt
100 ## - HEADING--PERSONAL NAME
- Personal name: NAGAR (Amratlal).
- Dates associated with a name: अमृतलाल नागर
670 ## - SOURCE DATA FOUND
- Source citation: Work cat.: (OSt)113853: NAGAR (Amratlal). अमृतलाल नागर, Manas ka hams., 1975